| 000 | 00401nam a2200157Ia 4500 | ||
|---|---|---|---|
| 008 | 230917s9999||||xx |||||||||||||| ||und|| | ||
| 040 |
_e138080 _aMAIN |
||
| 041 | _aEnglish | ||
| 082 | _a658-503 M272 P | ||
| 100 | _aMagee, John F | ||
| 245 | 0 | _aProduction plannning and inventory Control | |
| 250 | _a2nd ed. | ||
| 260 |
_aNew Delhi _bTata McGraw-Hill _c1980 |
||
| 300 | _a397p. p. | ||
| 942 | _cBK | ||
| 999 |
_c213454 _d213454 |
||